| 000 | 07045nam a2200361Ia 4500 | ||
|---|---|---|---|
| 999 |
_c46479 _d46479 |
||
| 001 | 36968032 | ||
| 003 | SIRSI | ||
| 005 | 20190517135205.0 | ||
| 008 | 970527s1996 mnu 100 0 eng d | ||
| 020 | _a0890662703 | ||
| 020 | _a9780890662700 | ||
| 035 | _a(Sirsi) i9780890662700 | ||
| 035 | _a(OCoLC)36968032 | ||
| 036 | _au416169 | ||
| 040 |
_aJEV _cJEV _dOCL _dKWW _dTSW |
||
| 049 | _aTSWB | ||
| 111 | 2 |
_aNorth American Conference for Itinerant Evangelists _n(1st : _d1994) |
|
| 245 | 1 | 0 |
_aEquipping for evangelism : _bNACIE 94. |
| 246 | 3 | 0 | _aNACIE 94. |
| 260 |
_aMinneapolis, Minn. : _bWorld Wide Publications, _c1996. |
||
| 300 |
_a968 p. ; _c24 cm. |
||
| 336 | _atext | ||
| 337 | _aunmediated | ||
| 338 | _avolume | ||
| 500 | _aSponsored by the Billy Graham Evangelistic Association. | ||
| 505 | 0 | _aPreface / Tom Phillips -- Editorial preface / Charles G. Ward -- The evangelist in a changing world: it's a new day / Billy Graham -- What is the message? / Lewis Drummond -- Preaching the message for commitment/verdict / Luis Palau -- Communicating the message to our culture / Ron Hutchcraft -- How to keep your message fresh and relevant (using illustrations effectively) / Rich Wilkerson -- Giving a successful invitation: preaching for a verdict / Ralph Bell -- Keys to effective crusade/church evangelism / Sterling Huston -- How to create an effective follow-up system / Art Bailey -- Spiritual victory in the marketplace / John "Pete" Hammond -- Getting started in itinerant evangelism / Rick Barton -- Building a strong support team / Jim and Joey Wilson -- Relating the Gospel to secular society / Ron Hutchcraft -- How to attract the lost to your meetings / Dave Roever -- How to prepare and deliver an evangelistic sermon / Jerry Johnston -- Maintaining your vision for ministry / Greg Laurie -- Time management for the evangelist / Ted Engstrom -- Affinity groups as evangelism / Paul Cedar -- How to answer questions non-Christians ask / Michael Horner -- Trends that affect evangelism today / George Barna -- How to preach to today's social issues / William Moore -- Making the Gospel accessible to all / Joni Eareckson Tada -- How ypu can allow the Holy Spirit to develop a fulfilling itinerant ministry / T. V. and Mary Thomas -- The evangelist and the revival we need / Bob Cryder -- How to preach with authority / Dennis Kinlaw -- Principles from the Willow Creek model for itinerant evangelism / J. David Schmidt -- Understanding the theology of discipleship / Charles "Chic" Shaver -- Sharing the Gospel effectively in the Hispanic community, the Message / Luis Palau -- How to share the Gospel with the secular audience / Don Posterski -- Understanding legal issues for the evangelist / Richard Hammar -- The role of the evangelist's spouse / Debbie Hale and Robyn Wilkerson -- Unique situations of the female evangelist / Arthelene Rippy -- Video and TV on a budget / Roger Flessing -- Kingdoms in conflict: the Gospel in context / Charles Colson -- | |
| 505 | 0 | _aThe evangelist's personal life / Stephen Olford -- The evangelist's family life / Spouses' Panel -- The integrity and credibility of the evangelist as a leader and role model / Adrian Rogers -- How to continue growing spiritually / LeRoy Eims -- Handling spititual warfare / Tom White -- How to build a financial base for your ministry / Terry Winter -- New evangelistic models to serve the church of 2000 A.D. / George Grosshans -- Management skills for the evangelist / John Corts -- Understanding the gift and calling of the evangelist / Roy Fish -- How to be relevant and biblical in preaching / John Wesley White -- Direct mail ethics and ideas / Thomas McCabe -- How to improve your personal witness / Bill Bright -- Accountability: personal and financial / Thomas Trask -- How to keep your slate filled / Lowell Lundstrom -- The work of the evangelist among cults in the New Age / Ron Carlson -- Preparing women for evangelism / Esther Burroughs -- Using talk shows and classroom lectures for evangelism / Rusty and Linda Wright -- Partnering with the church in crusade evangelism / Steve Wingfield -- Developing a citywide crusade / Bill Glass -- Being sensitive to a spouse's need / Mike and Sandy MacIntosh -- How to balance family life and ministry / Richard Dobbins -- Using technology to present the Gospel / Robert Williams -- Sharing the Gospel effetcively in the Hispanic community, the messenger / Paul Finkenbinder (Hermano Pablo) -- Itinerant evangelism and church growth / Eddie Gibbs -- Preparing men and women for evangelism / Gene Warr -- Then evangelist's commitment to the local church / Richard Harris -- Evangelistic strategies for reaching native North Americans / Tom Claus -- A passion for the lost / Ravi Zacharias -- | |
| 505 | 0 | _aDisciples are our no. 1 goal / Charels Crabtree -- Prayer is our no. 1 method / Evelyn Christenson -- An experience with God / Joseph Aldrich -- The evangelist's ministry among situations of human need / Franklin Graham -- Empowering local leadership to own and develop their evangelistic event / Larry Turner -- Preparing for an evangelistic event / Rod Barnett -- Using prayer to develop a base for evangelistic campaigns / Terry Dirks -- The evangelist's ministry in a single church setting / Chuck Millhuff -- The effective street preaching evangelist / Cliffe Knechtle --Operation Andrew: friendship outreach is the key to evangelistic success / Charlie Riggs -- How to train personal workers and counselors / Rick Marshall -- How to effectively publicize an evangelistic ministry / A. Larry Ross -- Developing a strong board / Bobb Biehl -- The challenge: witnessing to Musslims / Robert Douglas -- Evangelism and Scripture distribution / Bill jefferson -- The evangelist's use of art and drama: tools of modern evengelism / Steve Pederson -- The evangelist's use of music / Gary Beesley -- Innovative worship as a tool of evengelism / Paul Ferrin -- Evangelistic writing for publication / Roger Palms -- Reaching children with the Gospel / Darlene Spangler -- Reaching youth with the Gospel / Kelly Green -- Reaching seniors with the Gospel / Sherwood and Ruth Wirt -- How to resource and utilize notable people in evangelism / Norm Evans -- The evangelist preaching in prison / Don Smarto -- Financial management procedures for the evangelist / Joel Aarsvold -- How to get published / John Van Diest -- How to take your team overseas / Sammy Tippit -- Sharing the Gospel effectively in the Hispanic community, the methods / Rudy Hernandez -- The black Muslim challenge to evangelism / Carl Ellis, Jr. -- Encouraging a vision for discipleship in the local church and pastor / Robert Coleman -- Christ is our message (preach Jesus) / E. V. Hill -- Itinerant evangelist profile and perspectives / George Barna -- A survey of pastors who would invite an itinerant evangelist to their chuch / George Barna. | |
| 650 | 0 |
_aEvangelistic work _vCongresses. |
|
| 650 | 0 |
_aEvangelists _vCongresses. |
|
| 710 | 2 | _aBilly Graham Evangelistic Association. | |
| 942 |
_2lcc _cBK |
||